000
00205 a2200097 4500
001
30370
100
_a
Bayliss
245
_a
Poems of Adventure
260
_a
London
_b
Hasrap & Co
_c
090
_c
20322
_d
20322
942
_a
NUST-CAE
_c
M
_c
11473
999
_c
265443
_d
265443